000
00259nam a2200109Ia 4500
008
220120s9999||||xx |||||||||||||| ||und||
100
_a
Majumder, Dighe
245
0
_a
Struggle for empire
260
_a
BVB Publications
_c
2001
300
_b
0
650
_a
PHYSICS
999
_c
136933
_d
136933